000 00793cam a2200253 i 4500
999 _c2319
_d2319
003 OSt
005 20210708074835.0
008 741025r1975 nyua b 001 0 eng
020 _a0306706598
040 _cDLC
050 0 0 _aML3508
_b.F55 1975
100 1 _aFinkelstein, Sidney,
_d1909-1974.
245 1 0 _aJazz, a people's music /
_cby Sidney Finkelstein.
260 _aNew York :
_bDa Capo Press,
_c1975, c1948.
300 _aix, 278 p. :
_bill. ;
_c23 cm.
500 _aReprint of the 1st ed., published by Citadel Press, New York.
504 _aIncludes discographies and index.
650 0 _aJazz
_xHistory and criticism.
650 0 _aJazz
_xDiscography.
906 _a7
_bcbc
_corignew
_d1
_eocip
_f19
_gy-gencatlg
942 _2lcc
_cBK
_nMM